|
|
|
|
| LEADER |
01468nam a2200397Ia 4500 |
| 001 |
EBC1600442 |
| 003 |
MiAaPQ |
| 005 |
20200520144314.0 |
| 006 |
m o d | |
| 007 |
cr cn||||||||| |
| 008 |
120223s2012 xna es 000 0 eng d |
| 020 |
|
|
|z 9781742233390 (pbk)
|
| 020 |
|
|
|z 9781742243672 (kindle)
|
| 020 |
|
|
|a 9781742241104 (electronic bk.)
|
| 020 |
|
|
|a 9781742245973 (electronic bk.)
|
| 035 |
|
|
|a (MiAaPQ)EBC1600442
|
| 035 |
|
|
|a (Au-PeEL)EBL1600442
|
| 035 |
|
|
|a (CaPaEBR)ebr10589846
|
| 035 |
|
|
|a (OCoLC)809259837
|
| 040 |
|
|
|a MiAaPQ
|c MiAaPQ
|d MiAaPQ
|
| 050 |
|
4 |
|a HD58.8
|b .S26 2012
|
| 082 |
0 |
4 |
|a 658.402
|2 23
|
| 100 |
1 |
|
|a Sandland, R. L.
|q (Ronald Lindsay)
|
| 245 |
1 |
3 |
|a An icon in crisis
|h [electronic resource] :
|b the reinvention of CSIRO /
|c Ron Sandland and Graham Thompson.
|
| 246 |
1 |
0 |
|a Reinvention of CSIRO
|
| 260 |
|
|
|a Sydney :
|b NewSouth,
|c 2012.
|
| 300 |
|
|
|a xx, 358 p.
|
| 533 |
|
|
|a Electronic reproduction. Ann Arbor, MI : ProQuest, 2016. Available via World Wide Web. Access may be limited to ProQuest affiliated libraries.
|
| 650 |
|
0 |
|a Organizational change
|z Australia.
|
| 650 |
|
0 |
|a Organizational effectiveness.
|
| 650 |
|
0 |
|a Research
|z Australia
|x Finance.
|
| 650 |
|
0 |
|a Government business enterprises
|z Australia.
|
| 655 |
|
4 |
|a Electronic books.
|
| 700 |
1 |
|
|a Thompson, Graham J.
|
| 710 |
2 |
|
|a ProQuest (Firm)
|
| 856 |
4 |
0 |
|u https://ebookcentral.proquest.com/lib/matrademy/detail.action?docID=1600442
|z Click to View
|